The London housing strategy (Record no. 108970)
[ view plain ]
| 000 -LEADER | |
|---|---|
| fixed length control field | 01833cam a22002415a 4500 |
| 001 - CONTROL NUMBER | |
| control field | L145933 |
| 008 - FIXED-LENGTH DATA ELEMENTS--GENERAL INFORMATION | |
| fixed length control field | 081124e20081120xxkbdo f s f000 0 eng d |
| 020 ## - INTERNATIONAL STANDARD BOOK NUMBER | |
| International Standard Book Number | 9781847812025 |
| 035 ## - SYSTEM CONTROL NUMBER | |
| System control number | (Sirsi) u145933 |
| 041 0# - LANGUAGE CODE | |
| Language code of text/sound track or separate title | eng |
| 050 04 - LIBRARY OF CONGRESS CALL NUMBER | |
| Classification number | 306.1 $2 18 |
| 110 2# - MAIN ENTRY--CORPORATE NAME | |
| Corporate name or jurisdiction name as entry element | London |
| Subordinate unit | Greater London Authority |
| 9 (RLIN) | 3989 |
| 245 04 - TITLE STATEMENT | |
| Title | The London housing strategy |
| Remainder of title | draft for consultation with the London Assembly and functional bodies |
| Medium | [electronic resource] |
| 260 ## - PUBLICATION, DISTRIBUTION, ETC. | |
| Place of publication, distribution, etc. | London |
| Name of publisher, distributor, etc. | GLA |
| Date of publication, distribution, etc. | 2008 |
| 505 2# - FORMATTED CONTENTS NOTE | |
| Formatted contents note | Foreword -- Achieving the vision -- Raising aspirations, promoting opportunity: rethinking London's housing; helping Londoners to become home owners; improving the social rented sector; improving the private rented sector -- Improving homes, transforming neighbourhoods: designing better homes; producing greener homes; regenerating areas and estates; bringing empty homes back into use -- Maximising delivery, optimising value for money: delivering across London; delivery locally; investing to deliver -- Consulting with London -- Appendices: Gypsy and traveller accommodation, estimated need for residential pitches by borough 2007-2017; decent homes funding 2008-11 |
| 520 ## - SUMMARY, ETC. | |
| Summary, etc. | Presents the Mayor of London's view for housing in the Greater London Authority. Addresses affordable housing and the First Steps housing program, as well as the need to improve and green neighbourhoods. Created to help with the consultation process with the London assembly and functional bodies. |
| 521 ## - TARGET AUDIENCE NOTE | |
| Target audience note | Advanced |
| 590 ## - LOCAL NOTE (RLIN) | |
| Local note | KA NTK |
| 651 #4 - SUBJECT ADDED ENTRY--GEOGRAPHIC NAME | |
| Geographic name | England and Wales |
| Chronological subdivision | 1543- |
| 690 ## - LOCAL SUBJECT ADDED ENTRY--TOPICAL TERM (OCLC, RLIN) | |
| Topical term or geographic name as entry element | ENVIRONMENTAL AND LAND CONSULTANCY-PLANNING AND DEVELOPMENT-STRATEGIC PLANNING |
| 856 40 - ELECTRONIC LOCATION AND ACCESS | |
| Uniform Resource Identifier | <a href="https://www.london.gov.uk/sites/default/files/uploads/Housing_Strategy_Draft_Nov08.pdf">https://www.london.gov.uk/sites/default/files/uploads/Housing_Strategy_Draft_Nov08.pdf</a> |
| Public note | View the item free of charge online at www.london.gov.uk... |
| 942 ## - ADDED ENTRY ELEMENTS (KOHA) | |
| Suppress in OPAC | 0 |
| Withdrawn status | Lost status | Source of classification or shelving scheme | Damaged status | Not for loan | Home library | Current library | Shelving location | Date acquired | Total Checkouts | Full call number | Barcode | Date last seen | Copy number | Price effective from | Koha item type |
|---|---|---|---|---|---|---|---|---|---|---|---|---|---|---|---|
| Dewey Decimal Classification | Virtual | Virtual | Online | 24/11/2008 | ONLINE PUBLICATION | 145933-1001 | 06/08/2019 | 1 | 06/08/2019 | Book |